Learning the bash Shell (Record no. 6229)
[ view plain ]
| 000 -LEADER | |
|---|---|
| fixed length control field | 01810 a2200217 4500 |
| 020 ## - INTERNATIONAL STANDARD BOOK NUMBER | |
| International Standard Book Number | 1565923472 |
| 020 ## - INTERNATIONAL STANDARD BOOK NUMBER | |
| International Standard Book Number | 1565923472 |
| 040 ## - CATALOGING SOURCE | |
| Original cataloging agency | DLC |
| Language of cataloging | DLC |
| 100 1# - MAIN ENTRY--PERSONAL NAME | |
| Personal name | Newham, Cameron. |
| 245 10 - TITLE STATEMENT | |
| Title | Learning the bash Shell |
| Statement of responsibility, etc. | Cameron Newham and Bill Rosenblatt. |
| 250 ## - EDITION STATEMENT | |
| Edition statement | 2nd ed., rev. & updated. |
| 260 ## - PUBLICATION, DISTRIBUTION, ETC. | |
| Place of publication, distribution, etc. | Cambridge, [England] ; |
| Name of publisher, distributor, etc. | Sesbastopol, [Calif.] : |
| -- | O'Reilly, |
| Date of publication, distribution, etc. | c1998. |
| 300 ## - PHYSICAL DESCRIPTION | |
| Extent | xvi, 318 p. : |
| Other physical details | ill. ; |
| Dimensions | 24 cm. |
| 500 ## - GENERAL NOTE | |
| General note | Includes index. |
| 520 1# - SUMMARY, ETC. | |
| Summary, etc. | "Learning the bash Shell, Second Edition, is the definitive guide to bash, the Free Software Foundation's "Bourne Again Shell." It's a freely available replacement for the popular UNIX Bourne shell, and is also the shell of choice for Linux users around the world."--BK JACKET. "You'll find this guide valuable whether you're interested in bash as a user interface or for its powerful programming capabilities. It will teach you how to use bash's advanced command-line features, like command history, command-line editing, and command completion."--BK JACKET. "This book also introduces shell programming, a skill no UNIX or Linux user should be without. The book demonstrates what you can do with bash's programming features. You'll learn about flow control, signal handling, and command-line processing and I/O. There is also a chapter on debugging your bash programs."--BK JACKET. "Finally, Learning the bash Shell, Second Edition, shows you how to acquire, install, configure, and customize bash, and gives advice to system administrators managing bash for their user community."--BK JACKET. |
| 650 #0 - SUBJECT ADDED ENTRY--TOPICAL TERM | |
| Topical term or geographic name entry element | User interfaces (Computer systems) |
| 700 1# - ADDED ENTRY--PERSONAL NAME | |
| Personal name | Rosenblatt, Bill. |
| 710 2# - ADDED ENTRY--CORPORATE NAME | |
| Corporate name or jurisdiction name as entry element | NetLibrary, Inc. |
| 856 41 - ELECTRONIC LOCATION AND ACCESS | |
| Uniform Resource Identifier | <a href="http://libproxy1.nus.edu.sg/login?url=http://www.lib.nus.edu.sg/asp/eb.asp?ID=1132">http://libproxy1.nus.edu.sg/login?url=http://www.lib.nus.edu.sg/asp/eb.asp?ID=1132</a> |
| 942 ## - ADDED ENTRY ELEMENTS (KOHA) | |
| Koha item type | Book |
| Call number prefix | 005.438 NEW |
| Source of classification or shelving scheme | |
| Withdrawn status | Lost status | Damaged status | Not for loan | Collection code | Permanent Location | Current Location | Shelving location | Date acquired | Source of acquisition | Cost, normal purchase price | Total Checkouts | Total Renewals | Full call number | Barcode | Date last seen | Date last checked out | Price effective from | Koha item type |
|---|---|---|---|---|---|---|---|---|---|---|---|---|---|---|---|---|---|---|
| Central Library (CL) | Central Library (CL) | First Floor - Operating System/ Data Structure | 05/24/2006 | Academic Book Company | 1928.35 | 4 | 2 | 005.438 NEW | SEECS007344 | 12/04/2025 | 10/29/2025 | 01/05/2017 | Book |
